Представление документа в формате RUSMARC

ПолеНазваниеЗначение
  Тип записи a
  Библиографический уровень m
001 Контрольный номер RU/SLIB/B/208761881
005 Дата корректировки 20221125094106.3
010 Индекс ISBN __
d Цена 4-00
101 Язык документа 0_
a Язык текста rus
200 Заглавие и сведения об ответственности 1_
a Заглавие Полное собрание сочинений и писем
f Первые сведения об ответственности Н. А. Некрасов
b Общее обозначение материала Текст
h Номер части Т. 7
i Наименование части Художественная проза, 1840-1855 гг.
210 Выходные данные 1_
a Место издания Л.
c Издательство Наука
d Дата издания 1983
215 Физическое описание __
a Объем 623 с.
606 Тематические рубрики __
a Основная рубрика Художественная литература
z Хронологическая подрубрика 1840-1855 гг.; 19 в.
606 Тематические рубрики __
a Основная рубрика Русская литература XIX в. (произведения)
610 Ключевые слова 0_
a Ключевые слова поэты; стихи; стихотворения; поэзия; поэмы; драматические произведения; драмы; драматургия; проза; писатели
686 Индексы других классификаций __
a Классификационный индекс 84(2=411.2)52-4; ст84(2Рос=Рус)1-4
700 Автор _1
a Фамилия Некрасов
b Имя Н. А.
g Полное личное имя Николай Александрович
4 Код отношения 070
801 Источник записи _0
a Страна RU
b Организация Муниципальное бюджетное учреждение культуры "Централизованная библиотечная система" г. Сургут (Центральная городская библиотека им. А. С. Пушкина)
g Правила каталогизации КиК/Елгина
801 Источник записи _1
a Страна RU
b Организация Муниципальное бюджетное учреждение культуры "Централизованная библиотечная система" г. Сургут (Центральная городская библиотека им. А. С. Пушкина)
g Правила каталогизации КиК/Елгина
852 Данные о местонахождении __
j Шифр хранения 84(2=411.2)52-4
i Авторский знак Н 48
p Инвентарный номер 27198
901 Тип документа __
t Тип документа m
990 Данные о заказе (DOS) __
j Количество экземпляров (DOS) 6
t N записи в КСУ для И/У (DOS) ретро